Ocupaciones infantiles
Uloženo v:
| Hlavní autor: | |
|---|---|
| Médium: | Kniha |
| Jazyk: | španělština |
| Vydáno: |
Buenos Aires
Kapelusz
1979
|
| Edice: | Colección de Pedagogía práctica
|
| Témata: | |
| Tagy: |
Přidat tag
Žádné tagy, Buďte první, kdo vytvoří štítek k tomuto záznamu!
|
MARC
| LEADER | 00000nam a2200000 a 4500 | ||
|---|---|---|---|
| 001 | UCW5190 | ||
| 003 | CL-VaPUC | ||
| 008 | 910108e19790000AG |||||||||||||||||spa|d | ||
| 082 | 0 | 4 | |a 372.21 |b HUB |2 21 |
| 100 | 0 | |a Huber, Johanna |e author |9 310070 | |
| 245 | 1 | 0 | |a Ocupaciones infantiles |
| 300 | |a 151 p | ||
| 942 | |c BK | ||
| 945 | |d 19910108 00:00:00 | ||
| 260 | |a Buenos Aires |b Kapelusz |c 1979 | ||
| 650 | 0 | |a Educación preescolar |9 260381 | |
| 650 | 0 | |a Jardines infantiles |9 307427 | |
| 583 | |a last modification |c 19910108 00:00:00 |k Rodrigo Vera | ||
| 490 | 0 | |a Colección de Pedagogía práctica | |
| 999 | |c 218676 |d 218674 | ||
| 952 | |0 0 |1 0 |4 0 |6 372_210000000000000_HUB_1979 |7 0 |8 P |9 208600 |a BIBEDU |b BIBEDU |c BIBEDU_PB |d 2019-11-15 |i 2764822 |o 372.21 HUB 1979 |p 2764822 |r 2024-01-25 |w 2019-11-15 |y BK |k EDU | ||
| 952 | |0 0 |1 0 |4 0 |6 372_210000000000000_HUB_1979 |7 0 |8 P |9 208601 |a BIBEDU |b BIBEDU |c BIBEDU_PB |d 2019-11-15 |i 2764849 |o 372.21 HUB 1979 |p 2764849 |r 2024-01-25 |w 2019-11-15 |y BK |k EDU | ||
| 952 | |0 0 |1 0 |4 0 |6 372_210000000000000_HUB_1979 |7 0 |8 P |9 208602 |a BIBEDU |b BIBEDU |c BIBEDU_PB |d 2019-11-15 |i 2764857 |o 372.21 HUB 1979 |p 2764857 |r 2024-01-25 |w 2019-11-15 |y BK |k EDU | ||